| 000 | 006220000a22001810004500 | ||
|---|---|---|---|
| 090 |
_aAR _b01910 |
||
| 245 | 1 | 0 | _aIdentification of androgen metabolic pathways in the brain of little brown bats (<Myotis lucifugus>): sex and seasonal differences |
| 650 | 1 | 4 |
_aReproducción animal _987770 |
| 650 | 1 | 4 |
_aEtología _97606 |
| 650 | 1 | 4 |
_aFisiología animal _99500 |
| 653 |
_gMyotis _eMyotis lucifugus |
||
| 041 | 0 | _aInglés | |
| 700 | 1 |
_aKunz, Thomas H. _994801 |
|
| 700 | 1 |
_aPetro, Zoltan _995366 |
|
| 100 | 1 |
_aVincz Callard, Gloria _995367 |
|
| 942 | _cARTICULO | ||
| 773 | 1 |
_tEcology of Reproduction _3640 _q1155-1161 _d1983 _g28 |
|
| 999 |
_c10987 _d10987 |
||